000 00583nam a2200217Ii 4500
003 JO-AjNU
008 230606s9999||||xx |||||||||||||| ||und||
020 _a10-292-11254-9
040 _aJO-AjNU
_beng
_erda
_cJO-AjNU
041 _aeng
050 1 4 _aQC23.S396.2016
100 3 _aYong,HUGHواخرون,
_eauthor
_95095
245 0 0 _aCollege Physics
250 _a10 ed
264 3 1 _aNew Jersy:pearson,2016
300 _a1049p
336 _atext
_btxt
_2rdacontent
337 _aunmediated
_bn
_2rdamedia
338 _avolume
_bnc
_2rdacarrier
650 4 _aCollege Physics
_95096
999 _aE2635
_c2633
_d2633